| 000 | 00706nam a22002057a 4500 | ||
|---|---|---|---|
| 999 |
_c15340 _d15340 |
||
| 003 | AR-CdUCM | ||
| 008 | 190426b ||||| |||| 00| 0 spa d | ||
| 040 |
_aMUNICIPALIDAD PROVINCIAL DEL CUSCO _cBIBLIOTECA MUNICIPAL DEL CUSCO |
||
| 082 |
_aC / 301.54 / _bO38 |
||
| 100 |
_aOjeda, Roberto _934382 |
||
| 245 | _aLa lucha por el agua en la provincia de Espinar / | ||
| 260 |
_aCusco : _bLucha Indígena, _c2001. |
||
| 300 |
_a24 páginas ; _c20 cm. |
||
| 505 | _aLa batalla de Tintaya -- Crecen las minas -- Crecen las resistencias -- Historia negra de XSTRATA... | ||
| 650 |
_aEspinar. _91330 |
||
| 650 |
_aMineria. _9430 |
||
| 700 |
_aPalomino, Claudia _934383 |
||
| 942 |
_2ddc _cFOLLETOS |
||
| 945 | _awfj | ||